000 00997nam0a2200301 4500
001 RU\NLR\bibl\465625
005 20250623185030.0
010 _a5-93209-924-0
_915000
021 _aRU
_b2003-56827
_92776
035 _a(NLR Aleph) 000458968
090 _a921580
_c921580
100 _a20031127d2003 |||y0rusy50 ca
101 1 _arus
_ceng
102 _aRU
105 _aa |||||||||
200 1 _aСкуби-Ду
_iТайна выпавшего зуба
_eКн.-игра
_fМария С. Барбо
_gХуд. Дендес дель Сур
_g[Пер. с англ. О.А. Алякринского]
210 _aМ.
_cОмега
_d2003
215 _a[32] c.
_cцв. ил.
_d24
225 1 _aУчимся читать
300 _aНа обл. авт. не указан
686 _aШ9(2)60=Р7-8
700 1 _aБарбо
_bМ. С.
_gМария С
_4070
801 0 _aRU
_bNLR
_c20031127
_gPSBO
801 1 _aRU
_bNLR
_c20031127
942 _cBOOK
980 _aNB